| 000 | 01067nam a2200361 b 4500 | ||
|---|---|---|---|
| 001 | 01624 | ||
| 003 | DO-SdBNP | ||
| 005 | 20171108135405.0 | ||
| 007 | 01624 | ||
| 008 | 001110s2000 sp | ||| ||spa | ||
| 016 | 7 |
_a _2BPMSU |
|
| 017 |
_a _b |
||
| 020 | _a8430603999 | ||
| 035 | _a | ||
| 040 |
_aBPMSU _bspa _cBPMSU _e |
||
| 041 | 1 |
_aspa _h |
|
| 080 | 0 | _a | |
| 082 | 4 |
_a193 _bH114p |
|
| 100 | 1 |
_aHabermas, Jürgen _d1929- |
|
| 240 | 1 | 0 |
_aPhilosophisch-politisch Profile _lEspañol |
| 245 | 1 | 0 |
_aPerfiles filosófico-políticos / _h _cJürgen Habermas ; versión castellana de Manuel Jiménez Redondo |
| 260 |
_aMadrid : _bTaurus, _c2000 |
||
| 300 |
_a424 p. ; _c22 cm |
||
| 500 | _aIncluye índice | ||
| 500 | _aIncluye notas al pie de las páginas | ||
| 504 | _a | ||
| 650 | 7 |
_aFILOSOFÍA ALEMANA _2 |
|
| 650 | 7 |
_aFILOSOFÍA ALEMANES _xCRÍTICA E INTERPRETACIÓN |
|
| 700 | _aJiménez Redondo, Manuel | ||
| 942 |
_2ddc _cBK |
||
| 945 | _a Inventariado extranjero / 2017 VM | ||
| 956 |
_aVMATEO _b10 _c20160805 _dBPMSU _f0069 |
||
| 999 |
_c11099 _d11099 |
||